[Event "Chernivtsi op"]
[Site "Chernivtsi"]
[Date "2021.07.23"]
[Round "6"]
[White "Muha, Sergey"]
[Black "Korduban, Valerij"]
[Result "1-0"]
[WhiteElo "2231"]
[BlackElo "2014"]
[PlyCount "89"]
[EventDate "2021.07.20"]
[EventType "swiss"]
[EventRounds "9"]
[EventCountry "UKR"]
[SourceTitle "CBM 203 Extra"]
[Source "ChessBase"]
[SourceDate "2021.09.30"]
[SourceVersion "1"]
[SourceVersionDate "2021.09.30"]
[SourceQuality "1"]

1. d4 Nf6 2. c4 e5 3. dxe5 Ng4 4. Bf4 Nc6 5. Nf3 Bb4+ 6. Nbd2 Qe7 7. e3 Ngxe5 8. Nxe5 Nxe5 9. Be2 0-0 10. 0-0 Bxd2 11. Qxd2 d6 12. b4 b6 13. c5 Bb7 14. cxd6 cxd6 15. Rfd1 Rfd8 16. Rac1 Rac8 17. Rxc8 Bxc8 18. Qd4 f6 19. h3 Bb7 20. a3 Qc7 21. Bg3 Qc6 22. Bf1 b5 23. Re1 a6 24. e4 Rc8 25. f3 Nf7 26. Rd1 Qc3 27. Qb6 Qc6 28. Qa7 Ne5 29. Bf4 Rd8 30. Qd4 Kf7 31. Rc1 Qd7 32. Rd1 Ke7 33. Bg3 Qc6 34. f4 Nc4 35. Bf2 Kf7 36. Re1 Re8 37. Bd3 f5 38. Rc1 fxe4 39. Bxc4+ bxc4 40. Rxc4 Qd7 41. Rc3 Re6 42. Qb6 Re7 43. Bh4 e3 44. Bxe7 e2 45. Bh4 1-0

[Event "Chernivtsi op"]
[Site "Chernivtsi"]
[Date "2021.07.21"]
[Round "3"]
[White "Korduban, Valerij"]
[Black "Khrinovskyi, Iurii"]
[Result "1/2-1/2"]
[WhiteElo "2014"]
[BlackElo "1730"]
[PlyCount "90"]
[EventDate "2021.07.20"]
[EventType "swiss"]
[EventRounds "9"]
[EventCountry "UKR"]
[SourceTitle "CBM 203 Extra"]
[Source "ChessBase"]
[SourceDate "2021.09.30"]
[SourceVersion "1"]
[SourceVersionDate "2021.09.30"]
[SourceQuality "1"]

1. e4 c5 2. c4 Nc6 3. Nc3 g6 4. g3 Bg7 5. Bg2 Nf6 6. Nge2 0-0 7. 0-0 d6 8. d3 a6 9. a3 Rb8 10. Rb1 b5 11. cxb5 axb5 12. b4 cxb4 13. axb4 Bg4 14. f3 Bc8 15. Be3 d5 16. Bf4 e5 17. Bg5 Qb6+ 18. Kh1 dxe4 19. Bxf6 exd3 20. Bxg7 dxe2 21. Qxe2 Kxg7 22. f4 f6 23. Nd5 Nd4 24. Qe3 Qd6 25. fxe5 fxe5 26. Rxf8 Kxf8 27. Re1 Bb7 28. Qxe5 Qxe5 29. Rxe5 Re8 30. Rxe8+ Kxe8 31. Nf6+ Ke7 32. Nxh7 Bxg2+ 33. Kxg2 Nc2 34. Kf3 Nxb4 35. Ke4 Nc6 36. Ng5 Kd6 37. Kd3 Ne5+ 38. Kc3 Nc6 39. h4 Ke5 40. Nf7+ Ke4 41. g4 Kf4 42. h5 gxh5 43. gxh5 Kf5 44. Nd6+ Kg5 45. Nxb5 Nd4 1/2-1/2

[Event "Albena op"]
[Site "Albena"]
[Date "2017.06.25"]
[Round "9"]
[White "Korduban, Valerij"]
[Black "Cekli, Cem"]
[Result "1-0"]
[WhiteElo "2071"]
[BlackElo "1599"]
[PlyCount "65"]
[EventDate "2017.06.17"]
[EventType "swiss"]
[EventRounds "9"]
[EventCountry "BUL"]
[SourceTitle "CBM 179 Extra"]
[Source "ChessBase"]
[SourceDate "2017.08.23"]
[SourceVersion "1"]
[SourceVersionDate "2017.08.23"]
[SourceQuality "1"]

1. b3 d5 2. Bb2 Nf6 3. Nf3 c6 4. e3 Bg4 5. Be2 Bxf3 6. Bxf3 Nbd7 7. 0-0 e6 8. d3 Bd6 9. Nd2 Qc7 10. h4 h5 11. c4 Be5 12. d4 Bh2+ 13. Kh1 Bd6 14. e4 dxe4 15. Nxe4 Nxe4 16. Bxe4 Nf6 17. Bf3 0-0-0 18. Qe2 Qe7 19. g3 Kb8 20. Rfe1 Ba3 21. d5 Bxb2 22. Qxb2 cxd5 23. cxd5 Rd6 24. Qe5 Ka8 25. dxe6 Rxe6 26. Qa5 Ng4 27. Kg2 Qf6 28. Qb4 Rb6 29. Qe4 Rd8 30. Rad1 Rc8 31. Rd7 Rbc6 32. Qe7 Rc2 33. Qxf6 1-0

[Event "Albena op-A"]
[Site "Albena"]
[Date "2016.06.24"]
[Round "7"]
[White "Korduban, Valerij"]
[Black "Andronescu, Madalin"]
[Result "1-0"]
[WhiteElo "2112"]
[BlackElo "2186"]
[PlyCount "69"]
[EventDate "2016.06.18"]
[EventType "swiss"]
[EventRounds "9"]
[EventCountry "BUL"]
[SourceTitle "CBM 173 Extra"]
[Source "ChessBase"]
[SourceDate "2016.08.29"]
[SourceVersion "1"]
[SourceVersionDate "2016.08.29"]
[SourceQuality "1"]

1. b3 e5 2. Bb2 Nc6 3. e3 Nf6 4. Bb5 d6 5. d4 Bd7 6. Nf3 e4 7. Nfd2 a6 8. Be2 Ne7 9. c4 c6 10. d5 cxd5 11. Bxf6 gxf6 12. Nc3 f5 13. Nxd5 Nxd5 14. cxd5 Qa5 15. 0-0 Qxd5 16. Nc4 Qc6 17. Rc1 Rg8 18. Bh5 Rc8 19. Qd4 b5 20. Qf6 Rg7 21. Ne5 dxe5 22. Rxc6 Rxc6 23. Qxe5+ Be6 24. a4 b4 25. Rd1 h6 26. Be2 Ke7 27. Qb8 Rc8 28. Qxb4+ Kf6 29. Qd4+ Kg6 30. Bxa6 Rc2 31. Bc4 Bxc4 32. bxc4 f6 33. Qd8 Ba3 34. Qe8+ Kh7 35. Qh5 1-0

[Event "Golden Sands op-B"]
[Site "Golden Sands"]
[Date "2015.06.10"]
[Round "3"]
[White "Yakimenko, Alexander A"]
[Black "Korduban, Valerij"]
[Result "1-0"]
[WhiteElo "2193"]
[BlackElo "2092"]
[PlyCount "143"]
[EventDate "2015.06.08"]
[EventType "swiss"]
[EventRounds "9"]
[EventCountry "BUL"]
[SourceTitle "CBM 167 Extra"]
[Source "ChessBase"]
[SourceDate "2015.09.14"]
[SourceVersion "1"]
[SourceVersionDate "2015.09.14"]
[SourceQuality "1"]

1. d4 Nf6 2. c4 e5 3. dxe5 Ng4 4. Nf3 Bc5 5. e3 Nc6 6. a3 a5 7. b3 Ngxe5 8. Bb2 d6 9. Be2 0-0 10. 0-0 Re8 11. Nc3 Nxf3+ 12. Bxf3 Ne5 13. Be2 Re6 14. Ne4 Ba7 15. Re1 Qh4 16. Ng3 Rh6 17. Nf1 Ng4 18. Bxg4 Qxg4 19. Qd2 Rg6 20. Ng3 Bb6 21. Bd4 Bxd4 22. exd4 Re6 23. f3 Qh4 24. d5 Rxe1+ 25. Rxe1 Bd7 26. Qc3 b6 27. Re4 Qg5 28. Kf2 Re8 29. h4 Qd8 30. Nh5 f6 31. Qe3 Re5 32. Ng3 Qe7 33. f4 Rxe4 34. Nxe4 f5 35. Ng5 Qxe3+ 36. Kxe3 h6 37. Nf3 Kf7 38. Nd4 g6 39. Nf3 Kf6 40. g3 Bc8 41. Kd4 Bd7 42. Ne1 g5 43. hxg5+ hxg5 44. Nf3 gxf4 45. gxf4 Be8 46. Ng5 Bd7 47. Ke3 Bc8 48. Nf3 Bd7 49. Nd4 Ke7 50. Nc2 Kd8 51. Ne1 Ke7 52. Nd3 Bc8 53. Kd4 Kf6 54. b4 axb4 55. axb4 Ba6 56. b5 Bb7 57. Nb4 Ke7 58. Ke3 Bc8 59. Kf3 Bd7 60. Na6 Kd8 61. Kg3 Bc8 62. Nb4 Ke7 63. Kh4 Bd7 64. Kg5 Ke8 65. Kf6 Bc8 66. Nc6 Bd7 67. Nd4 Bc8 68. Ne6 Bxe6 69. Kxe6 Kd8 70. Kxf5 Ke7 71. Kg6 Kf8 72. Kf6 1-0

[Event "Golden Sands Europe op 1st"]
[Site "Golden Sands"]
[Date "2012.06.08"]
[Round "5"]
[White "Snuverink, Jochem"]
[Black "Korduban, Valerij"]
[Result "1-0"]
[WhiteElo "2354"]
[BlackElo "2127"]
[PlyCount "115"]
[EventDate "2012.06.04"]
[EventType "swiss"]
[EventRounds "9"]
[EventCountry "BUL"]
[SourceTitle "CBM 148 Extra"]
[Source "ChessBase"]
[SourceDate "2012.06.22"]
[SourceVersion "1"]
[SourceVersionDate "2012.06.22"]
[SourceQuality "1"]

1. e4 e6 2. d4 d5 3. Nc3 dxe4 4. f3 exf3 5. Nxf3 Nf6 6. Bd3 c5 7. Be3 cxd4 8. Nxd4 Bd7 9. Qf3 Nc6 10. 0-0-0 Qc8 11. Rhf1 Ne5 12. Qg3 Nxd3+ 13. Rxd3 Be7 14. Qxg7 Rg8 15. Qh6 Rg6 16. Qf4 Rxg2 17. Ne4 Rg6 18. Nd6+ Bxd6 19. Qxd6 Qb8 20. Qa3 b5 21. Qc5 Qb6 22. Qe5 Qb8 23. Nf3 b4 24. Rdd1 Qb5 25. Qd4 Rc8 26. Ne5 Rg2 27. Rf2 Rxf2 28. Bxf2 Qd5 29. Qf4 Qxa2 30. Qxf6 Rxc2+ 31. Kxc2 Ba4+ 32. Kd2 Qd5+ 33. Nd3 Bxd1 34. Qh8+ Kd7 35. Qd4 Qxd4 36. Bxd4 Bh5 37. Bxa7 Kd6 38. Bb8+ Ke7 39. Nxb4 f6 40. Ke3 e5 41. Nd3 Ke6 42. b4 Be8 43. Bc7 Bb5 44. Nf2 f5 45. Bb6 f4+ 46. Kd2 Kf5 47. Nd1 e4 48. Nc3 Bc4 49. b5 h5 50. Bc5 e3+ 51. Bxe3 fxe3+ 52. Kxe3 Kg4 53. b6 Ba6 54. Kf2 Kf4 55. Na4 Bb7 56. Nc5 Bc6 57. b7 Bxb7 58. Nxb7 1-0

[Event "Golden Sands Europe op 1st"]
[Site "Golden Sands"]
[Date "2012.06.07"]
[Round "4"]
[White "Korduban, Valerij"]
[Black "Dimitrov, Atanas Valtchev"]
[Result "1/2-1/2"]
[WhiteElo "2127"]
[BlackElo "2339"]
[PlyCount "103"]
[EventDate "2012.06.04"]
[EventType "swiss"]
[EventRounds "9"]
[EventCountry "BUL"]
[SourceTitle "CBM 148 Extra"]
[Source "ChessBase"]
[SourceDate "2012.06.22"]
[SourceVersion "1"]
[SourceVersionDate "2012.06.22"]
[SourceQuality "1"]

1. g3 d5 2. Bg2 Nf6 3. Nf3 e6 4. 0-0 Be7 5. c4 0-0 6. b3 Nc6 7. Bb2 d4 8. d3 e5 9. Na3 h6 10. Nc2 a5 11. e3 Bc5 12. Nxe5 Nxe5 13. exd4 Bg4 14. f3 Bf5 15. dxc5 Nxd3 16. Bd4 Re8 17. Bf2 c6 18. Qd2 Nxf2 19. Qxf2 Bxc2 20. Qxc2 Qd4+ 21. Qf2 Qxf2+ 22. Rxf2 Nd7 23. Rd2 Nxc5 24. Rad1 Kf8 25. Kf2 Rab8 26. f4 Ne6 27. a3 Nc5 28. b4 axb4 29. axb4 Ne4+ 30. Bxe4 Rxe4 31. Rd8+ Rxd8 32. Rxd8+ Ke7 33. Rb8 Rxc4 34. Rxb7+ Ke6 35. h3 h5 36. b5 Rc2+ 37. Kf3 Rc3+ 38. Kf2 cxb5 39. Rxb5 h4 40. Rg5 g6 41. Rg4 hxg3+ 42. Rxg3 Rc2+ 43. Kf3 Rc3+ 44. Kg4 Rc1 45. Ra3 Rg1+ 46. Kf3 Kf5 47. Ra5+ Kf6 48. h4 Rh1 49. Kg4 Rh2 50. Kg3 Rh1 51. Kg4 Rg1+ 52. Kf3 1/2-1/2

[Event "Golden Sands Europe op 1st"]
[Site "Golden Sands"]
[Date "2012.06.04"]
[Round "1"]
[White "Grigoryan, Karen H"]
[Black "Korduban, Valerij"]
[Result "1-0"]
[WhiteElo "2517"]
[BlackElo "2127"]
[PlyCount "50"]
[EventDate "2012.06.04"]
[EventType "swiss"]
[EventRounds "9"]
[EventCountry "BUL"]
[SourceTitle "CBM 148 Extra"]
[Source "ChessBase"]
[SourceDate "2012.06.22"]
[SourceVersion "1"]
[SourceVersionDate "2012.06.22"]
[SourceQuality "1"]

1. e4 e6 2. d4 d5 3. Nc3 dxe4 4. Nxe4 Nd7 5. Nf3 Ngf6 6. Nxf6+ Nxf6 7. Bd3 c5 8. Be3 Nd5 9. Qe2 Nxe3 10. fxe3 Be7 11. 0-0-0 Qa5 12. Bb5+ Kf8 13. Kb1 a6 14. Bd3 c4 15. Bxc4 b5 16. Bb3 Qc7 17. d5 exd5 18. Bxd5 Ra7 19. Rhf1 Bf6 20. e4 Bg4 21. Qe3 b4 22. Bb3 a5 23. e5 a4 24. exf6 axb3 25. fxg7+ Kxg7 1-0

[Event "Uzhgorod Spring op"]
[Site "Uzhgorod"]
[Date "2007.05.25"]
[Round "3"]
[White "Korduban, Valerij"]
[Black "Boricsev, Oleg"]
[Result "1/2-1/2"]
[WhiteElo "2061"]
[BlackElo "2280"]
[PlyCount "95"]
[EventDate "2007.05.24"]
[EventType "swiss"]
[EventRounds "7"]
[EventCountry "UKR"]
[SourceTitle "CBM 118 Extra"]
[Source "ChessBase"]
[SourceDate "2007.07.04"]
[SourceVersion "1"]
[SourceVersionDate "2007.07.04"]
[SourceQuality "1"]

1. g3 d5 2. Bg2 c5 3. Nf3 Nc6 4. d4 e6 5. 0-0 Nf6 6. c4 Be7 7. dxc5 Bxc5 8. cxd5 exd5 9. a3 Be7 10. Nc3 0-0 11. Nd4 Bg4 12. h3 Be6 13. Be3 Qd7 14. Kh2 Ne5 15. Qb3 Nc4 16. Bf4 Bd6 17. Rfd1 Bxf4 18. gxf4 Nb6 19. e3 Rfd8 20. Qb5 Qe7 21. Qe2 g6 22. Rac1 Rac8 23. Rc2 a6 24. Rdc1 Qd7 25. b3 Bf5 26. Nxf5 Qxf5 27. Qd2 d4 28. exd4 Nh5 29. Be4 Qd7 30. Ne2 Rxc2 31. Rxc2 Nd5 32. Rc5 Ndf6 33. Bf3 Qd6 34. Qc1 Kg7 35. b4 Rd7 36. Kg2 Re7 37. Re5 Rc7 38. Qe3 Rc2 39. f5 Rxe2 40. Bxe2 Nd5 41. Qf3 Ndf4+ 42. Kg1 Qxd4 43. Re4 Nxe2+ 44. Rxe2 Qd1+ 45. Kh2 Qd6+ 46. Kg1 Qd1+ 47. Kh2 Qd6+ 48. Kg1 1/2-1/2

[Event "Uzhgorod Spring op"]
[Site "Uzhgorod"]
[Date "2007.05.24"]
[Round "1"]
[White "Molnar, Peter"]
[Black "Korduban, Valerij"]
[Result "0-1"]
[WhiteElo "2353"]
[BlackElo "2061"]
[PlyCount "91"]
[EventDate "2007.05.24"]
[EventType "swiss"]
[EventRounds "7"]
[EventCountry "UKR"]
[SourceTitle "CBM 118 Extra"]
[Source "ChessBase"]
[SourceDate "2007.07.04"]
[SourceVersion "1"]
[SourceVersionDate "2007.07.04"]
[SourceQuality "1"]

1. d4 Nf6 2. c4 g6 3. Nc3 d5 4. Nf3 Bg7 5. cxd5 Nxd5 6. e4 Nxc3 7. bxc3 0-0 8. Be3 c5 9. Qd2 Nc6 10. d5 Qa5 11. Rc1 Rd8 12. Be2 b6 13. 0-0 Ba6 14. Bxa6 Qxa6 15. Bg5 Rd7 16. Qf4 Nd8 17. Qg4 Qa4 18. c4 e5 19. Ne1 f6 20. Be3 Re7 21. Qe2 Nf7 22. Nd3 Nd6 23. f3 Rf8 24. Bf2 f5 25. Rfe1 f4 26. Qc2 Qd7 27. a4 g5 28. Kf1 g4 29. Ke2 Bf6 30. a5 Rg7 31. axb6 axb6 32. Rb1 Nc8 33. Qb3 Kh8 34. Qb5 gxf3+ 35. gxf3 Qxb5 36. Rxb5 Rg2 37. Rh1 Re8 38. Rbb1 Bd8 39. Kf1 Rg7 40. Ra1 Nd6 41. Nb2 Bf6 42. Ra6 Rb8 43. Rg1 Rd7 44. Ke2 b5 45. cxb5 Rxb5 46. Na4 0-1